Statistics for Among Us Mira HQ Quiz

Click here to take the quiz!

General Stats

  • This quiz has been taken 116 times
  • The average score is 11 of 13

Answer Stats

Location% Correct
Admin
89%
Cafeteria
89%
Greenhouse
88%
MedBay
87%
Balcony
86%
Reactor
86%
Storage
82%
Office
80%
Launchpad
79%
Laboratory
76%
Communications
75%
Locker Room
75%
Decontamination
68%

Score Distribution

Percentile by Number Answered

Percent of People with Each Score

Your Score History

You have not taken this quiz